Unterrichtsblätter für Weberei : für Weberschulen und zum Selbstunterricht /

Hlavní autor: Kafka, Ig.
Jazyk: Němčina
Vydáno: Prag : Reichenecker, 1871
Témata:
Fyzický popis: 194 sl., 1 tab.
Knihy
Uloženo v:
LEADER 00634nam a2200205 a 4500
001 000683052
003 CZ BrMZK
005 20030820204000.0
007 ta
008 030820s1871 xr f ger d
040 |a BOA001  |b cze  |c BOA001 
100 1 |a Kafka, Ig.  |4 aut 
245 1 0 |a Unterrichtsblätter für Weberei :  |b für Weberschulen und zum Selbstunterricht /  |c Ig. Kafka 
260 |a Prag :  |b Reichenecker,  |c 1871 
300 |a 194 sl., 1 tab. 
910 |a BOA001  |b 4-0256.864 
964 |a Bohemika - stol. 19. 
990 |a BK 
993 |a Y 
996 6 |b BC-111436  |c 4-0256.864  |l MZK  |r Sklad / do 24 hodin  |n 0  |w 000683052  |u 000020  |a 1  |e BOA001  |j MZK50  |s P